Récapitulatif de mes quiz #4 - Statistiques

Statistiques générales
  • Ce quiz a été pris 55 fois
  • Le résultat moyen est 52 sur 100
Statistiques - réponses
Hint Réponse % Correct
N & O Nemo
98%
P Pinocchio
98%
R Raiponce
98%
T Tarzan
98%
V & W Woody
98%
Sorcières Hermione Granger
91%
L Fête célébrée le 25 décembre Noël
91%
M Nos parents nous en attribue un à notre naissance Prénom
91%
Pixar Woody, Buzz l'Éclair, Rex Toy Story
91%
#3 CTELOCHET Clochette
89%
C Ancienne monnaie de la France ou de la Belgique avant l'Euro Franc
89%
G Gros glaçon qui a gagné face au Titanic Iceberg
89%
Miraculous ou Code Lyoko Marinette Dupain-Cheng Miraculous
89%
Naruto ou One Piece Monkey D. Luffy One Piece
89%
F Personne qui dirige une brigade de cuisine Chef
87%
Q, U, X, Y & Z Quasimodo
87%
S Simplet
87%
Disney #2 Fleur, Panpan, Féline Bambi
84%
D Partie de son corps que la guêpe utilise pour piquer Dard
84%
Halloween Ils font la tournée des bonbons Enfants
84%
Loups-Garous de Thiercelieux : Rôles en images Voyante
82%
Films par répliques Alors, on n’attend pas Patrick ? C - {Camping}
80%
I Bain à remous Jacuzzi
80%
N Pays du soleil levant Japon
80%
Sonic Rapide comme l'______ éclair
76%
Bar Le bar où on peut faire griller de la viande Bar {Becue}
73%
Mots qui contiennent un animal #1 Fruit souvent confondu avec le marron {Chat}aigne
73%
Halloween Catégorie de film très prisé pour Halloween H - {Horreur}
73%
K Vous êtes actuellement dessus Jetpunk
71%
Animation #2 Po Ping, Maître Tigresse, Maître Oogway Kung Fu Panda
71%
J Radio française créée en 1981 par Jean-Paul Baudecroux NRJ
71%
Titi et Grosminet mènent l'enquête Qu'il soit midi ou qu'il soit ______ minuit
69%
E Homme religieux vivant dans un monastère Moine
67%
Le Bus Magique En voiture tout le _____ ! monde
67%
Cobra Venu de nulle ____, c'est Cobra part
67%
H Il a été vaincu par David dans la Bible Goliath
64%
Un Nain Un nain qui soigne les autres Un Nain {Firmier}
64%
Princesse Saphir Pour le meilleur et pour le ____ pire
62%
Pif et Hercule Pour partir vers de nouvelles _________ aventures
60%
Alain Delon Astérix aux Jeux olympiques Jules César
60%
Boy Girl etc. Comme frères et ______ soeurs
60%
Films par images d'antagonistes #2 Astérix et Obélix : Mission Cléopâtre
58%
Ōban, Star-Racers Entends-tu ton _____ qui bats ? coeur
58%
SamSam Le plus petit des grands _____ héros
58%
La loi de Milo Murphy Tout va bien dans le meilleur des ______ mondes
58%
Belle et Sébastien C'est une histoire d'_____ amour
56%
Famille Sang-Pur Lucius, Drago, Scorpius Malefoy
56%
Maggie Smith Harry Potter à l'école des sorciers Minerva McGonagall
56%
W.I.T.C.H. Élues pour sauver le _____ monde
56%
Kirby C'est une petite boule ____ rose
56%
Mère La Mère qui aime les demi-journées d'école Mère {Credi}
53%
Fantômes Beetlejuice
51%
Achille Talon Toujours là quand il ____ faut
51%
Horseland : Bienvenue au Ranch Quand on monte nos _______ chevaux
49%
Princesse Sarah Mignonne petite _____ fille
47%
Type Feu Tranchodon Limagma Cancrelove Limagma
47%
Pokemon de Sacha Papinox Zorua Pikachu Pikachu
47%
1ère génération Hachécateur Rattata Maganon Rattata
47%
Arc-en-ciel, le plus beau poisson des océans Y'a un Arc-en-ciel dans la ___ ! mer
42%
Rupert Et c'est pour çà qu'on l'____ aime
40%
Films Disney/Pixar de A à Z D Dinosaure / Dumbo
40%
But pour Rudy Il se bat pour gagner tous les ______ matchs
40%
Bouli Avec son p'tit ___ rouge nez
40%
Récapitulatif de mes quiz #4 Nombre de coups que font certains, quand moi je fait le même nombre en quiz 400
38%
Descendants Mal
38%
Davy Crockett Le trappeur qui n'a jamais ____ peur
38%
Rolie Olie Polie Avec lui, tout tourne ____ rond
38%
Shugo Chara De faire ce que tu ____ veux
38%
Père Le Père qui fait le café Père {Colateur}
36%
Lamu Il était un jour sur la _____ Terre
36%
Alice et la pâtisserie des merveilles Au fond du terrier du lapin _____ blanc
33%
Barbapapa Ils se transforment à _______ volonté
33%
Cococinel Dans Cocoland la vie est _____ belle
31%
Élimination par catégorie - Classique d'animation Disney Film dont le titre comporte plusieurs mots... sans le prénom d'un personnage... sorti en 2000 ou après... avec un personnage principal féminin... et qui est une Princesse Disney La Princesse et la Grenouille
29%
Rôles de Louis de Funès - Mort Subite André Castagnier Jacques Tricatel Ludovic Cruchot Ludovic Cruchot
29%
Pyjamasques J'ai pas de rime en _ i
27%
Saisons de Koh-Lanta - Mort Subite Le Combat des chefs Le Feu sacré Solor Le Feu sacré
24%
Galaxy Express 999 Super train de l'______ espace
22%
Équipières de choc Ces deux ______ n'ont pas peur filles
22%
Un p'tit truc en plus Ludovic
22%
Robocar Poli Ils viennent nous ______ sauver
22%
Wingman C'est moi le bras de la _______ justice
20%
Hamtaro Petits hamsters grandes _________ aventures
18%
Fly Avec ses cheveux en ________ bataille
18%
Ken le survivant Ken, survivant de l'_____ enfer
18%
Kangoo Junior On vous attend sur l'île du _______ bonheur
16%
La Famille Pierrafeu Yabba-Dabba-___ Doo
16%
Love Hina C'est de tendre les _____ mains
16%
L'École des petits vampires Dès qu'on ouvre l'____ oeil
16%
Les Samouraïs de l'éternel Il est inscrit sur chaque trait de leur ______ visage
16%
Baskup Allez les High ____ Five
13%
Les Misérables Venez écouter bonnes ____ gens
13%
Maya l'abeille Dans un pays de tous les _____ temps
11%
Creepie C'est la secte des ________ insectes
9%
Les Entrechats Où qu'ils soient ils font la ___ loi
9%
Petit Potam Tessi et Tim et ___ Tam
9%
Les Légendaires La lumière de l'______ espoir
4%
Zombie Hôtel Et des crottes de ____ frites rats
4%
Docteur Globule Bienvenue dans mon modeste _____________ établissement
2%
Calimero Des raleurs, des petits _______ gentils
0%
Aucun quiz correspondant
Distribution des résultats
% des personnes avec chaque résultat
Percentile par nombre de réponses
Votre historique - résultats
Vous n’avez pas pris ce quiz